00261nam a2200085Ia 450000100070000000500170000700800410002424500840006526000260014971553420250826162926.0250824s9999 xx 000 0 und d 0aBALKAN MUHACİRLERİNİN KONYA VİLAYETİNE İSKANIcKÜRŞAT KURTULGAN bÇİZGİ YAYINLARI